000 00818cam a2200241 a 4500
001 000005509
005 20200929151708.0
008 810505s1981 sp b 001 1 spa d
020 _a8437602726
040 _aDO-SdBNP
_cDLC
_dDLC
082 _a862.64
_bM379e
100 1 _aMartín Recuerda, José,
_d1926-2007
_915605
245 1 3 _aEl engañao :
_bcaballos desbocaos /
_cJosé Martín Recuerda ; edición, Martha T. Halsey y Ángel Cobo.
260 _aMadrid :
_bCátedra,
_c1981.
300 _a293 p. ;
_c18 cm.
490 1 _aLetras hispánicas
_vno. 143
650 4 _aTeatro español
_93071
650 4 _aLiteratura española
_9632
700 1 _aCobo, Ángel,
_eed.
_915606
700 1 _aHalsey, Martha T.,
_eed.
_915607
830 0 _aLetras hispánicas ;
_vno. 143
_94208
910 _aCatalogación por copia / LC
_bWM
999 _c5308
_d5308